header

A framework for assessing the health hazard posed by bioaerosols (Record no. 8808)

MARC details
000 -LEADER
fixed length control field 01828nam a2200361Ia 4500
001 - CONTROL NUMBER
control field ebr10267564
003 - CONTROL NUMBER IDENTIFIER
control field CaPaEBR
006 - FIXED-LENGTH DATA ELEMENTS--ADDITIONAL MATERIAL CHARACTERISTICS--GENERAL INFORMATION
fixed length control field m u
007 - PHYSICAL DESCRIPTION FIXED FIELD--GENERAL INFORMATION
fixed length control field cr cn|||||||||
008 - FIXED-LENGTH DATA ELEMENTS--GENERAL INFORMATION
fixed length control field 080929s2008 dcua sb 000 0 eng d
020 ## - INTERNATIONAL STANDARD BOOK NUMBER
Cancelled/invalid ISBN 0309111501 (pbk.)
Cancelled/invalid ISBN 9780309111508 (pbk.)
040 ## - CATALOGING SOURCE
Original cataloging agency CaPaEBR
Transcribing agency CaPaEBR
035 ## - SYSTEM CONTROL NUMBER
System control number (OCoLC)567928250
050 14 - LIBRARY OF CONGRESS CALL NUMBER
Classification number RA577.5
Item number .F735 2008eb
245 02 - TITLE STATEMENT
Title A framework for assessing the health hazard posed by bioaerosols
Medium [electronic resource] /
Statement of responsibility, etc Committee on Determining a Standard Unit of Measure for Biological Aerosols, Board on Chemical Sciences and Technology, Board on Life Sciences, Division on Earth and Life Studies, National Research Council of the National Academies.
260 ## - PUBLICATION, DISTRIBUTION, ETC. (IMPRINT)
Place of publication, distribution, etc Washington, D.C. :
Name of publisher, distributor, etc National Academies Press,
Date of publication, distribution, etc c2008.
300 ## - PHYSICAL DESCRIPTION
Extent xiii, 86 p. :
Other physical details ill.
504 ## - BIBLIOGRAPHY, ETC. NOTE
Bibliography, etc Includes bibliographical references (p. 65-67).
533 ## - REPRODUCTION NOTE
Type of reproduction Electronic reproduction.
Place of reproduction Palo Alto, Calif. :
Agency responsible for reproduction ebrary,
Date of reproduction 2009.
Note about reproduction Available via World Wide Web.
-- Access may be limited to ebrary affiliated libraries.
650 #0 - SUBJECT ADDED ENTRY--TOPICAL TERM
Topical term or geographic name as entry element Aerosols
General subdivision Environmental aspects.
Topical term or geographic name as entry element Aerosols
General subdivision Health aspects.
Topical term or geographic name as entry element Air
General subdivision Microbiology.
Topical term or geographic name as entry element Air
General subdivision Pollution.
Topical term or geographic name as entry element Biological weapons
General subdivision Detection
-- Measurement.
655 #7 - INDEX TERM--GENRE/FORM
Genre/form data or focus term Electronic books.
Source of term local
710 2# - ADDED ENTRY--CORPORATE NAME
Corporate name or jurisdiction name as entry element National Academies Press (U.S.)
Corporate name or jurisdiction name as entry element National Research Council (U.S.).
Subordinate unit Board on Chemical Sciences and Technology.
Corporate name or jurisdiction name as entry element National Research Council (U.S.).
Subordinate unit Board on Life Sciences.
Corporate name or jurisdiction name as entry element National Research Council (U.S.).
Subordinate unit Committee on Determining a Standard Unit of Measure for Biological Aerosols.
Corporate name or jurisdiction name as entry element ebrary, Inc.
856 40 - ELECTRONIC LOCATION AND ACCESS
Uniform Resource Identifier <a href="http://site.ebrary.com/lib/rucke/Doc?id=10267564">http://site.ebrary.com/lib/rucke/Doc?id=10267564</a>
Public note An electronic book accessible through the World Wide Web; click to view

No items available.

© 2026 Rongo University
Contact us: librarian | system librarian | Rongo university